[Event "Russian Superfinals (Women's Tiebreak)"]
[Site "St. Petersburg RUS"]
[Date "2017.12.14"]
[EventDate "2017.12.14"]
[Round "2"]
[Result "1-0"]
[White "Aleksandra Goryachkina"]
[Black "Natalia Pogonina"]
[WhiteElo "2486"]
[BlackElo "2469"]
[PlyCount "114"]

1. e4 e5 2. Nf3 d6 3. d4 exd4 4. Qxd4 Nc6 5. Bb5 Bd7 6. Bxc6
Bxc6 7. Nc3 Ne7 8. Bg5 f6 9. Be3 Ng6 10. O-O-O Be7 11. Qc4 Ne5
12. Nxe5 fxe5 13. f4 exf4 14. Bxf4 Rf8 15. g3 Qd7 16. Rhe1
O-O-O 17. Nd5 Kb8 18. Qd4 Bf6 19. Qb4 Rfe8 20. Nxf6 gxf6
21. e5 fxe5 22. Bxe5 Bf3 23. Bf6 Rc8 24. Rxe8 Qxe8 25. Re1 Qf7
26. Qc3 Bh5 27. b3 Bg6 28. h4 Qd5 29. g4 Qg2 30. h5 Be4 31. g5
c5 32. Qd2 Qg4 33. Qxd6+ Ka8 34. Qe5 Bf5 35. Qe2 Qb4 36. Qd2
Qa3+ 37. Bb2 Qxa2 38. Qd5 Bxc2 39. Kxc2 c4 40. Qe6 cxb3+
41. Kd3 Rd8+ 42. Kc3 a6 43. Qe5 Qa4 44. Re4 Rc8+ 45. Kd3 Qd7+
46. Ke3 Qh3+ 47. Kd4 Qg2 48. Re2 Qg1+ 49. Qe3 Qb1 50. Qxb3
Rd8+ 51. Kc4 Qf1 52. Qe3 Qd1 53. Kb4 Rd5 54. Qe8+ Ka7 55. Qe3+
b6 56. Qe7+ Rd7 57. Qe6 b5 1-0